000 00405nab a2200145Ia 4500
003 ES-SlBCS
005 20210601125449.0
008 140529s1981-82 xxu||||| |||| 00| 0 eng d
041 _aeng
100 1 _aLeclerc, Ivor
_9140784
245 0 4 _aThe Metaphysics of the Good
_c Ivor Leclerc
650 0 4 _aBondad
_9132754
773 0 _tReview of Methaphysics
_gvol. 35, 1981-82, págs. 3-26
_wRev843
942 _cAR
999 _c530763
_d530763